000 00754nam a22002537a 4500
005 20220707101308.0
008 220707b ||||| |||| 00| 0 eng d
040 _cAL
041 _aEnglish
082 _223
_a320.954
_bPATP
100 _aBiju Patnaik and others
_947375
245 _aPanchayati Raj: Parliamentarians and Legislators
260 _aNew Delhi
_bConcept Publishing Company
_c1994
300 _a32 p.
_bPB
_c20x13 cm.
365 _b₹200.00
_c
_d₹200.00
440 _aISS OCCASIONAL Paper Series-15
_947376
650 _aPanchayat
_947377
650 _aPoliticians
_947378
650 _aIndia
_947379
650 _aLegislators
_947380
700 _aPATNAIK (Biju)
_947381
700 _aPATIL (Shivraj)
_947382
942 _2ddc
_cGF
999 _c223621
_d223621